WGA's 101 Greatest Screenplays - Statistics

General Stats
  • This quiz has been taken 52 times
  • The average score is 65 of 101
Answer Stats
Position Year Starring Answer % Correct
6 1977 Woody Allen Annie Hall
100%
4 1941 Orson Welles Citizen Kane
100%
2 1972 Marlon Brando The Godfather
100%
1 1942 Humphrey Bogart Casablanca
97%
67 1982 Drew Barrymore E.T. the Extra-Terrestrial
97%
23 1939 Vivien Leigh Gone With the Wind
97%
16 1994 John Travolta Pulp Fiction
97%
38 1999 Kevin Spacey American Beauty
94%
27 1993 Bill Murray Groundhog Day
94%
14 1962 Peter O'Toole Lawrence of Arabia
94%
45 1975 Jack Nicholson One Flew Over the Cuckoo's Nest
94%
78 1976 Sylvester Stallone Rocky
94%
25 1939 Judy Garland The Wizard of Oz
94%
49 1993 Liam Neeson Schindler's List
91%
19 1962 Gregory Peck To Kill a Mockingbird
91%
56 1985 Michael J. Fox Back to the Future
88%
74 1999 John Malkovich Being John Malkovich
88%
24 2004 Jim Carrey Eternal Sunshine of the Spotless Mind
88%
41 1990 Ray Liotta Goodfellas
88%
68 1977 Mark Hamill Star Wars
88%
13 1967 Dustin Hoffman The Graduate
88%
61 1991 Anthony Hopkins The Silence of the Lambs
88%
32 1996 Frances McDormand Fargo
85%
89 1994 Tom Hanks Forrest Gump
85%
18 1955 Marlon Brando On The Waterfront
85%
42 1981 Harrison Ford Raiders of the Lost Ark
85%
28 1998 Gwyneth Paltrow Shakespeare in Love
85%
22 1994 Tim Robbins The Shawshank Redemption
85%
20 1946 James Stewart It's a Wonderful Life
82%
92 1960 Anthony Perkins Psycho
82%
9 1959 Marilyn Monroe Some Like It Hot
82%
43 1976 Robert De Niro Taxi Driver
82%
10 1974 Al Pacino The Godfather II
82%
35 1995 Kevin Spacey The Usual Suspects
82%
30 1992 Clint Eastwood Unforgiven
82%
55 1979 Martin Sheen Apocalypse Now
79%
3 1974 Jack Nicholson Chinatown
79%
62 1987 Cher Moonstruck
79%
76 1980 Robert De Niro Raging Bull
79%
73 1984 F. Murray Abraham Amadeus
76%
63 1975 Roy Scheider Jaws
76%
65 1952 Gene Kelly Singin' in the Rain
76%
7 1950 Gloria Swanson Sunset Blvd.
76%
15 1960 Jack Lemmon The Apartment
76%
5 1950 Bette Davis All About Eve
73%
93 1989 Spike Lee Do the Right Thing
73%
12 1964 Peter Sellers Dr. Strangelove
73%
100 2000 Guy Pearce Memento
73%
8 1976 Peter Finch Network
73%
48 1957 Alec Guiness The Bridge on the River Kwai
73%
50 1999 Bruce WIllis The Sixth Sense
73%
40 1989 Meg Ryan When Harry Met Sally
73%
69 1975 Al Pacino Dog Day Afternoon
70%
21 1959 Cary Grant North By Northwest
67%
94 1970 George C. Scott Patton
67%
90 2004 Paul Giamatti Sideways
67%
59 1934 Clark Gable It Happened One Night
64%
83 1954 James Stewart Rear Window
64%
72 1991 Geena Davis Thelma & Louise
64%
77 2002 Nicholas Cage Adaptation
61%
36 1969 Jon Voight Midnight Cowboy
61%
95 1986 Woody Allen Hannah and Her Sisters
58%
54 1979 Woody Allen Manhattan
58%
70 1951 Katharine Hepburn The African Queen
58%
39 1973 Paul Newman The Sting
58%
17 1982 Dustin Hoffman Tootsie
58%
11 1969 Paul Newman Butch Cassidy and the Sundance Kid
55%
64 1983 Shirley Maclaine Terms of Endearment
55%
47 1941 Humphrey Bogart The Maltese Falcon
55%
97 1956 John Wayne The Searchers
55%
82 1967 Paul Newman Cool Hand Luke
52%
75 1952 Gary Cooper High Noon
52%
66 1996 Tom Cruise Jerry Maguire
52%
84 1987 Robin Wright The Princess Bride
52%
33 1949 Orson Welles The Third Man
52%
80 1985 Harrison Ford Witness
48%
60 1997 Russell Crowe L.A. Confidential
45%
53 1976 Robert Redford All The President's Men
42%
57 1989 Woody Allen Crimes and Misdemeanors
42%
26 1944 Barbara Stanwyck Double Indemnity
42%
88 1989 Kevin Costner Field of Dreams
42%
96 1961 Paul Newman The Hustler
42%
37 1940 Katharine Hepburn The Philadelphia Story
42%
79 1967 Gene WIlder The Producers
42%
58 1980 Donald Sutherland Ordinary People
39%
46 1948 Humphrey Bogart The Treasure of the Sierra Madre
39%
71 1968 Katharine Hepburn The Lion in Winter
36%
98 1940 Henry Fonda The Grapes of Wrath
33%
81 1979 Peter Sellers Being There
30%
86 1971 Ruth Gordon Harold & Maude
27%
44 1946 Fredric March The Best Years of Our Lives
27%
51 1987 William Hurt Broadcast News
21%
31 1940 Cary Grant His Girl Friday
21%
91 1982 Paul Newman The Verdict
21%
29 1941 Joel McCrea Sullivan's Travels
18%
99 1969 William Holden The Wild Bunch
18%
101 1946 Ingrid Bergman Notorious
15%
34 1957 Burt Lancaster Sweet Smell of Success
15%
52 1941 Barbara Stanwyck The Lady Eve
15%
85 1937 Jean Gabin La Grande Illusion
9%
87 1963 Marcello Mastroianni
6%
No matching quizzes found
Score Distribution
Percent of People with Each Score
Percentile by Number Answered
Your Score History
You have not taken this quiz